[Event "Reunion op 07th"]
[Site "Reunion"]
[Date "2004.10.16"]
[Round "9"]
[White "Riviere, Romain"]
[Black "Lombardie, Floriane"]
[Result "0-1"]
[WhiteElo "1199"]
[BlackElo "1199"]
[PlyCount "44"]
[EventDate "2004.10.09"]
[EventType "swiss"]
[EventRounds "9"]
[EventCountry "RUF"]
[SourceTitle "CBM 102 Extra"]
[Source "ChessBase"]
[SourceDate "2004.11.03"]
[SourceVersion "1"]
[SourceVersionDate "2004.11.03"]
[SourceQuality "1"]

1. e4 e5 2. Nf3 Nc6 3. Nc3 Nf6 4. Bb5 a6 5. Bxc6 bxc6 6. Nxe5 d6 7. Nf3 Be7 8. 0-0 0-0 9. d3 Re8 10. Bf4 d5 11. Ne5 dxe4 12. dxe4 Bb7 13. Re1 Qxd1 14. Raxd1 Bc8 15. Nxc6 Bg4 16. Rd8 Raxd8 17. Nxd8 Bxd8 18. Rd1 Bxd1 19. Nxd1 Be7 20. Bxc7 Bd8 21. Bg3 Rxe4 22. Nc3 Re1# 0-1